| 000 | 00734nam a2200193Ia 4500 | ||
|---|---|---|---|
| 008 | 151119s9999||||xx |||||||||||||| ||und|| | ||
| 082 | _a928भुर्के/साहित्य | ||
| 082 | _bGKKV32400 | ||
| 100 | _aभुर्के श्याम | ||
| 245 | _aसाहित्य दरबारातील दशरतने | ||
| 260 | _aपुणे | ||
| 260 | _bस्नेहल प्रकाशन | ||
| 260 | _c2013 | ||
| 600 | _aभुर्के श्याम | ||
| 630 | _aसाहित्य दरबारातील दशरतने | ||
| 700 | _aभुर्के श्याम | ||
| 730 | _aसाहित्य दरबारातील दशरतने | ||
| 942 | _cBOOK | ||
| 999 |
_c1084704 _d1084701 |
||